[Event "AUT-ch Seniors 50"]
[Site "Vienna"]
[Date "2023.05.19"]
[Round "5"]
[White "Rusek, Walter"]
[Black "Mueller, Max"]
[Result "0-1"]
[WhiteElo "1851"]
[BlackElo "2061"]
[PlyCount "84"]
[EventDate "2023.05.15"]
[EventType "swiss"]
[EventRounds "7"]
[EventCountry "AUT"]
[SourceTitle "CBM 214 Extra"]
[Source "ChessBase"]
[SourceDate "2023.07.31"]
[SourceVersion "1"]
[SourceVersionDate "2023.07.31"]
[SourceQuality "1"]

1. d4 Nf6 2. c4 g6 3. Nc3 Bg7 4. e4 d6 5. Nf3 0-0 6. Be2 Bg4 7. Be3 Nfd7 8. Nd2 Bxe2 9. Qxe2 Nc6 10. Nb3 a5 11. Na4 e5 12. Rd1 exd4 13. Nxd4 Qh4 14. Nc3 Nc5 15. g3 Qh3 16. Nxc6 bxc6 17. Bxc5 dxc5 18. Kd2 Rfb8 19. Kc2 Qe6 20. Rd3 Bd4 21. b3 a4 22. Rb1 axb3+ 23. axb3 Qf6 24. f3 Ra6 25. Qf1 Rba8 26. Qh3 Bxc3 27. Rxc3 Qd4 28. Qg2 Ra2+ 29. Rb2 Ra1 30. Qd2 Rf1 31. Rd3 Qf6 32. Qc3 Rf2+ 33. Kb1 Rf1+ 34. Kc2 Qg5 35. Qd2 Qf6 36. Qc3 Rf2+ 37. Kb1 Qxc3 38. Rxc3 Rf1+ 39. Kc2 Rf2+ 40. Kb1 Rf1+ 41. Kc2 Raa1 42. Re3 Rf2+ 0-1

[Event "AUT-ch Seniors 50"]
[Site "Vienna"]
[Date "2023.05.18"]
[Round "4"]
[White "Keintzel, Raimund"]
[Black "Rusek, Walter"]
[Result "0-1"]
[WhiteElo "1593"]
[BlackElo "1851"]
[PlyCount "112"]
[EventDate "2023.05.15"]
[EventType "swiss"]
[EventRounds "7"]
[EventCountry "AUT"]
[SourceTitle "CBM 214 Extra"]
[Source "ChessBase"]
[SourceDate "2023.07.31"]
[SourceVersion "1"]
[SourceVersionDate "2023.07.31"]
[SourceQuality "1"]

1. e4 e6 2. Nf3 d5 3. e5 c5 4. d4 Nc6 5. Bb5 Bd7 6. 0-0 Qb6 7. Bxc6 Bxc6 8. c3 Nh6 9. Bxh6 gxh6 10. Qd2 Bg7 11. dxc5 Qxc5 12. Qd4 b6 13. b4 Qxd4 14. cxd4 f6 15. a4 Ke7 16. Rc1 Rac8 17. Nbd2 Bd7 18. Nb3 Rxc1+ 19. Nxc1 Rc8 20. g3 fxe5 21. Nxe5 Bxe5 22. dxe5 Bxa4 23. Ne2 Rc2 24. Rxa4 Rxe2 25. Rxa7+ Kf8 26. f4 Rb2 27. Rxh7 Rxb4 28. Rxh6 Ke7 29. Rf6 Rb2 30. g4 d4 31. f5 exf5 32. gxf5 d3 33. Re6+ Kf7 34. Rd6 d2 35. Rd7+ Ke8 36. e6 Rb1+ 37. Kf2 d1Q 38. Rxd1 Rxd1 39. Ke3 Ke7 40. Kf4 Rh1 41. Kg3 b5 42. h4 b4 43. Kg4 b3 44. Kg5 Rg1+ 45. Kf4 b2 46. h5 b1Q 47. h6 Kf6 48. e7 Qxf5+ 49. Ke3 Re1+ 50. Kd2 Rxe7 51. h7 Qd5+ 52. Kc3 Rc7+ 53. Kb4 Qc5+ 54. Ka4 Ra7+ 55. Kb3 Rb7+ 56. Ka4 Qa7# 0-1

[Event "Arco op 44th"]
[Site "Arco"]
[Date "2022.10.09"]
[Round "2"]
[White "Leutwyler, Martin"]
[Black "Rusek, Walter"]
[Result "1-0"]
[WhiteElo "2117"]
[BlackElo "1743"]
[PlyCount "62"]
[EventDate "2022.10.08"]
[EventType "swiss"]
[EventRounds "9"]
[EventCountry "ITA"]
[SourceTitle "CBM 210 Extra"]
[Source "ChessBase"]
[SourceDate "2022.11.30"]
[SourceVersion "1"]
[SourceVersionDate "2022.11.30"]
[SourceQuality "1"]

1. Nf3 d5 2. g3 Nf6 3. Bg2 Bf5 4. 0-0 e6 5. c4 c6 6. cxd5 cxd5 7. Qb3 Qc7 8. d3 Nc6 9. Nc3 a6 10. Bf4 Qd7 11. Rac1 Be7 12. Na4 Na5 13. Qc2 Qc6 14. Qd1 Qb5 15. Nd4 Qb4 16. Be5 Bd8 17. a3 Qe7 18. Nxf5 exf5 19. Bxf6 Qxf6 20. Bxd5 h5 21. e4 h4 22. Qf3 hxg3 23. hxg3 Qh6 24. Qg2 f4 25. gxf4 Rb8 26. e5 b5 27. Nc3 Rb6 28. f5 Bg5 29. Rc2 Bf4 30. Re1 g6 31. f6 Nc6 1-0

[Event "AUT-chT 2122"]
[Site "Austria"]
[Date "2021.11.04"]
[Round "1.6"]
[White "Rusek, Walter"]
[Black "Janzelj, Tim"]
[Result "0-1"]
[WhiteElo "1742"]
[BlackElo "2474"]
[PlyCount "44"]
[EventDate "2021.11.04"]
[EventType "team-tourn"]
[EventRounds "11"]
[EventCountry "AUT"]
[SourceTitle "CBM 205 Extra"]
[Source "ChessBase"]
[SourceDate "2022.01.31"]
[SourceVersion "1"]
[SourceVersionDate "2022.01.31"]
[SourceQuality "1"]
[WhiteTeam "Pamhagen"]
[BlackTeam "Raika Feffernitz"]
[WhiteTeamCountry "AUT"]
[BlackTeamCountry "AUT"]

1. Nf3 d6 2. c4 e5 3. Nc3 f5 4. g3 Nc6 5. d3 Nf6 6. Bg2 h6 7. 0-0 g5 8. e4 f4 9. h3 Bg7 10. Re1 0-0 11. Rb1 g4 12. hxg4 Bxg4 13. Ne2 fxg3 14. fxg3 Nxe4 15. dxe4 Bxf3 16. Bxf3 Rxf3 17. Kg2 Qf6 18. Bf4 exf4 19. Kxf3 Ne5+ 20. Kf2 fxg3+ 21. Ke3 Ng4+ 22. Kd2 Qg5+ 0-1

[Event "Ceske Budejovice op-A"]
[Site "Ceske Budejovice"]
[Date "2020.07.03"]
[Round "3"]
[White "Rusek, Walter"]
[Black "Stastny, Petr"]
[Result "0-1"]
[WhiteElo "1805"]
[BlackElo "1947"]
[PlyCount "120"]
[EventDate "2020.07.01"]
[EventType "swiss"]
[EventRounds "9"]
[EventCountry "CZE"]
[SourceTitle "CBM 197 Extra"]
[Source "ChessBase"]
[SourceDate "2020.09.30"]
[SourceVersion "1"]
[SourceVersionDate "2020.09.30"]
[SourceQuality "1"]

1. d4 Nf6 2. Nf3 e6 3. Bf4 c5 4. c3 cxd4 5. cxd4 Bb4+ 6. Nbd2 Nd5 7. Be5 f6 8. Bg3 f5 9. a3 Be7 10. e4 fxe4 11. Nxe4 0-0 12. Bc4 Nf4 13. Nc3 Nxg2+ 14. Kf1 Nf4 15. Rg1 d5 16. Bxf4 Rxf4 17. Bd3 Bh4 18. Qe2 Qf6 19. Nxd5 exd5 20. Qe8+ Qf8 21. Qh5 Bf5 22. Bxf5 Qxf5 23. Qxf5 Rxf5 24. Nxh4 Rf4 25. Rc1 Nc6 26. Ng2 Rxd4 27. Ne3 Rf8 28. Rg5 Rd2 29. Nd1 Re8 30. Ne3 Rxb2 31. Rxd5 Rf8 32. Rc2 Rxc2 33. Nxc2 Rd8 34. Rb5 b6 35. Ke2 Kf7 36. Rh5 h6 37. Rh4 Ke6 38. Re4+ Kf6 39. Rf4+ Kg5 40. Rc4 Rd6 41. f4+ Kf6 42. Ke3 g6 43. Ke4 Re6+ 44. Kf3 b5 45. Rc5 a6 46. Kf2 Ke7 47. Kf3 Kd6 48. Rc3 a5 49. Rd3+ Kc5 50. Rc3+ Kb6 51. Rd3 b4 52. axb4 axb4 53. Na1 Kc5 54. Kg4 Nd4 55. h4 Kc4 56. Rh3 Re1 57. h5 Rg1+ 58. Rg3 gxh5+ 59. Kh3 Rxg3+ 60. Kxg3 Kc3 0-1

[Event "Neumarkt am Wallersee op 17th"]
[Site "Neumarkt am Wallersee"]
[Date "2019.08.26"]
[Round "2.1"]
[White "Rusek, Walter"]
[Black "Pruell, Lukas"]
[Result "0-1"]
[WhiteElo "1851"]
[BlackElo "1934"]
[PlyCount "80"]
[EventDate "2019.08.25"]
[EventType "swiss"]
[EventRounds "7"]
[EventCountry "AUT"]
[SourceTitle "EXT 2024"]
[Source "ChessBase"]
[SourceDate "2023.10.10"]
[SourceVersion "1"]
[SourceVersionDate "2023.10.10"]
[SourceQuality "1"]

1. d4 Nf6 2. Nf3 g6 3. Bf4 Bg7 4. e3 0-0 5. Be2 d6 6. 0-0 Nc6 7. c3 Qe8 8. h3 e5 9. dxe5 dxe5 10. Bh2 Ne4 11. Nbd2 Nd6 12. Nc4 Nxc4 13. Bxc4 Qe7 14. Qe2 Kh8 15. Rfd1 e4 16. Nd4 Ne5 17. Bb3 a6 18. Bc2 c5 19. Nb3 f5 20. a4 Be6 21. Nd2 Rad8 22. Bxe5 Bxe5 23. Nc4 Bb8 24. Nd2 c4 25. Nf1 Bd5 26. Rd4 Ba7 27. Rdd1 g5 28. Nd2 Bb8 29. Nf1 Rg8 30. Ng3 f4 31. Rxd5 Rxd5 32. Qxc4 fxg3 33. Qxd5 gxf2+ 34. Kxf2 Rf8+ 35. Ke2 Qf6 36. Qxe4 Qf2+ 37. Kd3 Rd8+ 38. Kc4 Qf7+ 39. Kc5 Rc8+ 40. Kd4 Qc4# 0-1

[Event "Locarno op 4th"]
[Site "Locarno"]
[Date "2019.04.06"]
[Round "3"]
[White "Rusek, Walter"]
[Black "Cavadini, Sergio"]
[Result "1-0"]
[WhiteElo "1842"]
[BlackElo "1582"]
[PlyCount "77"]
[EventDate "2019.04.05"]
[EventType "swiss"]
[EventRounds "5"]
[EventCountry "SUI"]
[SourceTitle "CBM 190 Extra"]
[Source "ChessBase"]
[SourceDate "2019.07.15"]
[SourceVersion "1"]
[SourceVersionDate "2019.07.15"]
[SourceQuality "1"]

1. d4 Nf6 2. Nf3 d5 3. Bf4 Nc6 4. e3 e6 5. Nbd2 Be7 6. h3 h6 7. Be2 0-0 8. c3 a6 9. Qc2 Bd7 10. a4 a5 11. 0-0 b6 12. Bh2 Kh8 13. Rfe1 Qc8 14. Rac1 Na7 15. Ne5 Be8 16. Bf3 Nh7 17. e4 c6 18. Qb3 Bg5 19. Rcd1 Bxd2 20. Rxd2 Ng5 21. exd5 cxd5 22. Qxb6 f6 23. h4 fxe5 24. hxg5 e4 25. Bg4 hxg5 26. Bxe6 Rf6 27. Bxc8 Rxb6 28. Bg4 Nc8 29. f3 Nd6 30. Bxd6 Rxd6 31. fxe4 dxe4 32. Rxe4 Bxa4 33. Re6 Rad8 34. Re5 Kh7 35. Rxg5 Kh6 36. Re5 Bb3 37. g3 a4 38. Rh2+ Kg6 39. Bh5+ 1-0

[Event "EU-ch 15th"]
[Site "Yerevan"]
[Date "2014.03.08"]
[Round "6"]
[White "Rusek, Walter"]
[Black "Hakobyan, Aram"]
[Result "1/2-1/2"]
[WhiteElo "1794"]
[BlackElo "2103"]
[PlyCount "40"]
[EventDate "2014.03.03"]
[EventType "swiss"]
[EventRounds "11"]
[EventCountry "ARM"]
[SourceTitle "CBM 160"]
[Source "ChessBase"]
[SourceDate "2014.05.15"]
[SourceVersion "1"]
[SourceVersionDate "2014.05.15"]
[SourceQuality "1"]

1. d4 Nf6 2. c4 c5 3. d5 b5 4. Nd2 bxc4 5. e4 d6 6. Bxc4 g6 7. b3 Bg7 8. Bb2 Nbd7 9. Qc2 0-0 10. Ngf3 Rb8 11. 0-0 Qc7 12. Rfe1 Ng4 13. Bxg7 Kxg7 14. Qc3+ Kg8 15. Be2 Bb7 16. Rad1 Rfc8 17. Nc4 Ba6 18. Na5 Bb7 19. Nc4 Ba6 20. Na5 Bb7 1/2-1/2

[Event "Vienna Husek op-B"]
[Site "Vienna"]
[Date "2012.08.15"]
[Round "3"]
[White "Rusek, Walter"]
[Black "Borz, Radu Beniamin"]
[Result "1/2-1/2"]
[WhiteElo "1842"]
[BlackElo "1673"]
[PlyCount "45"]
[EventDate "2012.08.13"]
[EventType "swiss"]
[EventRounds "7"]
[EventCountry "AUT"]
[SourceTitle "EXT 2014"]
[Source "ChessBase"]
[SourceDate "2013.11.20"]
[SourceVersion "1"]
[SourceVersionDate "2013.11.20"]
[SourceQuality "1"]

1. d4 Nf6 2. c4 g6 3. Nc3 Bg7 4. e4 d6 5. Nf3 0-0 6. Be2 e5 7. 0-0 Nbd7 8. Re1 c6 9. Bf1 Qc7 10. Qc2 a6 11. Bd2 Ng4 12. h3 Ngf6 13. a4 b6 14. a5 b5 15. Na2 exd4 16. cxb5 axb5 17. Bxb5 Bb7 18. Nxd4 Nc5 19. Bd3 Nxd3 20. Qxd3 Rfe8 21. Nc3 Ba6 22. Qf3 Rab8 23. e5 1/2-1/2